| 000 | 00859nam a22002417a 4500 | ||
|---|---|---|---|
| 003 | UNINSURGENTES | ||
| 005 | 20241022180332.0 | ||
| 008 | 241022e2012 mx |||e |||| 00| 1 spa d | ||
| 020 | _a9786073111522 | ||
| 040 | _cUIN | ||
| 050 | 0 | 4 |
_aPR6110 _bJ2718 |
| 100 | 1 |
_aJames, E.L. _eautor |
|
| 240 | 1 | 0 |
_aFifty shades freed _lEspañol. |
| 245 | 1 | 0 |
_aCincuenta sombras liberadas _c/ E.L James; traducción de Ma. del Puerto Barruetabeña Diez. |
| 260 |
_aMéxico _b: Grijalbo _c, 2012. |
||
| 300 | _a650 p. | ||
| 490 | 0 |
_aCincuenta sombras. _v3 |
|
| 500 | _aPrimera entrega de la trilogía "cincuenta sombras" Material donado por Ana Isabel Hernández Concepción. | ||
| 650 | 1 | 4 |
_aDominancia sexual y sumisión _xFicción |
| 650 | 2 | 4 |
_aControl (Psicología) _xFicción |
| 700 | 1 |
_aBarruetabeña Diez, Ma.del Puerto _eTraductor |
|
| 942 |
_2lcc _cLB _n0 |
||
| 999 |
_c228694 _d228694 |
||